The journal of philosophical economics

Detalles Bibliográficos
Formato: Electrónico Revista
Lenguaje:inglés
Publicado: [Bucureşti, Romania] : [Rosetti International Publishing House], 2007-
Materias:
Acceso en línea:Full text available from Research Library: 01/01/2009 to present

MARC

LEADER 00000nas a2200000 i 4500
001 ssj0001072156
003 WaSeSS
005 20200512172242.0
006 m d
007 cr n
008 120227c20079999rm fr p s 0 0eng c
010 |a  2013268617 
022 |a 1844-8208 
035 |a (WaSeSS)ssj0001072156 
040 |a CNCGM  |b eng  |c CNCGM  |d OCLCQ  |d SERSO  |d OCLCF  |d OCLCO  |d OCLCQ  |d AU@  |d WaSeSS 
042 |a pcc 
050 4 |a HB1 
082 0 4 |a 330 
210 0 |a J. philos. econ.  |b (Online) 
222 4 |a The journal of philosophical economics  |b (Online) 
245 0 4 |a The journal of philosophical economics  |h [electronic resource]. 
260 |a [Bucureşti, Romania] :  |b [Rosetti International Publishing House],  |c 2007- 
310 |a Semiannual 
362 1 |a Began with: Volume 1, issue 1 (autumn 2007). 
506 |a License restrictions may limit access. 
588 |a Description based on: Volume 1, issue 1 (autumn 2007); title from banner (JPE.ro, viewed Dec. 13, 2013). 
588 |a Latest issue consulted: Volume 7, issue 1 (autumn 2013) (viewed Dec. 13, 2013). 
650 0 |a Economics  |x Philosophy  |v Periodicals. 
650 7 |a Economics  |x Philosophy.  |2 fast  |0 (OCoLC)fst00902168 
655 0 |a Electronic journals. 
776 0 8 |i Print version:  |t Journal of philosophical economics  |x 1843-2298 
856 4 0 |z Full text available from Research Library: 01/01/2009 to present  |u https://search.proquest.com/publication/54302